| 000 | 00655cas a22002055a 4500 | ||
|---|---|---|---|
| 001 | L138074 | ||
| 008 | 070515c19942001xxkqr p 0 a0eng u | ||
| 035 | _a(Sirsi) u138074 | ||
| 041 | 0 | _aeng | |
| 110 | 2 |
_aRoyal Institution of Chartered Surveyors _bLeicestershire and Northamptonshire Branch _95193 |
|
| 245 | 0 | 0 | _aSurveying Quarterly |
| 260 |
_aS.l. _bRICS _c1994-2001 |
||
| 362 | 0 | _a(25) Spring 1994-(54) Winter 2000 | |
| 554 | _aQuarterly | ||
| 651 | 4 | _aLEICESTERSHIRE | |
| 651 | 4 | _aNORTHAMPTONSHIRE | |
| 690 | _aMANAGEMENT-BUSINESS MANAGEMENT-PROFESSIONAL PRACTICE | ||
| 780 | 0 | 0 | _tSurveying in Leicestershire and Northamptonshire |
| 942 | _n0 | ||
| 999 |
_c118945 _d118945 |
||